Statistics for EA FC 24 Top 100 Serie a Players

Click here to take the quiz!

General Stats

  • This quiz has been taken 94 times
  • The average score is 63 of 100

Answer Stats

ClubPositionRatingAnswer% Correct
InterST87Lautaro Martinez
99%
RomaCF86Paolo Dybala
99%
NapoliST88Victor Osimhen
99%
MilanLW86Rafael Leao
97%
MilanGK87Mike Maignan
96%
InterCM86Nicolo Barella
96%
LazioST85Ciro Immobile
94%
MilanLB85Theo Hernandez
93%
SassuoloRW85Dominico Berardi
92%
Milan84CBFikayo Tomori
92%
NapoliLW86Kvicha Kvaratskhelia
92%
NapoliRB85Giovanni Di Lorenzo
90%
Juventus84CBGleison Bremer
87%
JuventusGK86Wojciech Szczesny
87%
InterCB85Alessandro Bastoni
86%
Juventus84LWFederico Chiesa
86%
Roma84STRomelu Lukaku
85%
Juventus83STDusan Vlahovic
83%
Inter84GKYann Sommer
83%
InterCM85Hakan Calhanoglu
82%
Napoli83GKAlex Meret
80%
Napoli83CDMAndre Frank Zambo Anguissa
80%
Milan84CDMIsmael Bennacer
80%
Lazio84CMLuis Alberto
80%
Milan82STOlivier Giroud
80%
Napoli83CMPiotr Zielinski
80%
Juventus83LMFilip Kostic
79%
Roma83CAMLorenzo Pellegrini
79%
Napoli84CMStanislav Lobotka
79%
Juventus84CMAdrien Rabiot
77%
Juventus82CDMManuel Locatelli
77%
Roma84CBChris Smalling
76%
Inter82LWBFederico Dimarco
75%
Salernitana82STBoulaye Dia
73%
Inter81RWBDenzel Dumfries
73%
Inter81CAMHenrikh Mkhitaryan
72%
Inter82CBStefan De Vrij
72%
Milan81RBDavide Calabria
70%
Milan79LWChristian Pulisic
68%
Roma83CBGianluca Mancini
68%
Lazio82GKIvan Provedel
68%
Napoli81LBMario Rui
68%
Inter79STMarcus Thuram
66%
Roma81GKRui Patricio
66%
Milan81CBSimon Kjaer
66%
Juventus81STArkadiusz Milik
65%
Torino81STDuvan Zapata
65%
Napoli81RWMatteo Politano
65%
Lazio83CBAlessio Romagnoli
63%
Lazio81RWFelipe Anderson
63%
Napoli81CBAmir Rrahmani
62%
Fiorentina81LWNicolas Gonzalez
62%
Juventus82CMPaul Pogba
62%
Milan78CBPierre Kalulu
62%
Roma80LWBLeonardo Spinazzola
61%
Juventus81CBDanilo
58%
Salernitana81GKGuillermo Ochoa
58%
Atalanta79STLuis Muriel
58%
Lazio82LWMattia Zaccagni
58%
Juventus79GKMatt Perin
58%
Roma80STTammy Abraham
58%
Napoli79CFGiacomo Raspadori
56%
Inter80STMarko Arnautovic
55%
Atalanta80CMTeun Koopmeiners
55%
Roma81CDMBryan Cristante
54%
Atalanta80CDMMarten De Roon
54%
Milan81RWSamuel Chukwueze
54%
Atalanta81RWAdemola Lookman
52%
Inter83CBBenjamin Pavard
52%
Fiorentina80LBCristiano Biraghi
51%
Inter80RMJuan Cuadrado
51%
Atalanta79GKJuan Musso
49%
Lazio81CAMDaichi Kamada
48%
Lazio79RWPedro Rodriguez
46%
Lazio80LBAdam Marusic
45%
Inter80CMDavide Frattesi
45%
Atalanta80CBRafael Toloi
45%
Sassuolo79GKAndrea Consigli
44%
Fiorentina79CMGiacomo Bonaventura
42%
Lazio79RMManuel Lazzari
42%
Fiorentina79CBNikola Milenkovic
42%
Sassuolo80LWArmand Lauriente
41%
Udinese80CFGerard Deulofeu
41%
Monza79GKMichele Di Gregorio
41%
Inter79LMCarlos Augusto
39%
Fiorentina79GKPietro Terracciano
38%
Lazio79STValentin Castellanos
38%
Udinese79GKMarco Silvestri
37%
Lazio79CBNicolo Casale
35%
Roma78LMStefan El Shaarawy
35%
Salernitana79CFAntonio Candreva
34%
Napoli80CAMEljif Elmas
34%
Atlanta79GKMarco Carnesecchi
34%
Atalanta80CMMario Pasalic
34%
Torino79CBPerr Schuurs
32%
Atalanta79LWBDavide Zappacosta
31%
Inter79GKEmil Audero
31%
Lazio79CMMatteo Guendouzi
31%
Milan78CMRade Krunic
31%
Monza79RMPatrick Ciurria
23%

Score Distribution

Percentile by Number Answered

Percent of People with Each Score

Your Score History

You have not taken this quiz